It looks like you're offline.
Open Library logo
additional options menu

MARC record from Internet Archive

LEADER: 00935nam^^22002171i^4500
001 GLAD33863694-B
005 20051126230640.0
008 890126s1913 dcu f00010 eng d
035 $aocm03439365 19890118 TAPE OCLC9616: 2469
040 $aLRU$cLRU$dRQE
100 10 $aRoot, Elihu,$d1845-1937.
245 14 $aThe obligations of the United States as to Panama Canal tolls :$bspeech of Hon. Elihu Root of New York in the Senate of the United States, January 21, 1913.
260 0 $aWashington, D. C. :$bGov't. Print. Off.,$c1913.
300 $a31 p. (incl. cover) ;$c25 cm.
500 $aCover title.
500 $aIssued also under title: Panama canal tolls; the obligations of the United States.
651 0 $aPanama Canal (Panama)$xRates and tolls.
752 $aUnited States$bDistrict of Columbia$dWashington$9(1913)
852 $aGLAD$bNRLF$hHE538.R3$iR8$p$B 144 461
852 $aGLAD$bBANC$jF1569.C2.R6 1913
901 $aGLAD$b33863694